00685nam a22001097a 4500008004100000100001800041245012900059260002000188300003600208520031100244773002000555231117b ||||| |||| 00| 0 eng d aSingh, Pushpa aFood sovereignty movements and environmental justice in India: Critical insighs and assessments from Uttarakhand and Odisha  aSocial Action  a73(4), Oct-Dec, 2023: p.446-458 aThe autonomy of food and farming systems across the world has been winder significant pressure due to increasing agribusiness monopoly, corporate control and market dependencies. The ramifications are evident in the dwindling rights of forms and erosion of indigenous, local food systems. – Reproduced  aSocial Action